书目信息 |
| 书名: | What colour is your world ? | |
| 作者: | Bob Gill | |
| 分册号: | ||
| 分册名: | 出版地: | China |
|
| 出版社: | Phaidon press | |
| 出版时间: | 2008 | |
| 页数: | 30p | |
| 开本: | 26cm | |
| 丛书名: | ||
| 中图分类号: | ||
| 科图分类号: | ||
| 其他分类号: | J51 | |
| 主题词: | ||
| 电子资源: | ||
| 000 | 00381nam0 2200145 450 | |
| 001 | 202012205685 | |
| 005 | 20121113085840.0 | |
| 008 | 20010101s | |
| 020 | @a978-0-7148-4850-1@c$14.95 | |
| 099 | @dJ51@eB6631 | |
| 245 | 10 | @aWhat colour is your world ?@cBob Gill |
| 260 | 0 | @aChina@bPhaidon press@c2008 |
| 300 | @a30p@c26cm | |
| 905 | @b11115 | |
| 905 | @aTSG@dJ51@eB6631 | |
| What colour is your world ? / Bob Gill.-China : Phaidon press , 2008 |
| 30p ; 26cm |
| ISBN 978-0-7148-4850-1$14.95 |
| ● |
| 相关链接 |
|
|
|
正题名:What colour is your world ?
索取号:J51/B6631
 
预约/预借
| 序号 | 登录号 | 条形码 | 馆藏地/架位号 | 状态 | 备注 |
| 1 | 11115 | 300111153 | 社科库309/309社科库 992排1列3层/ [索取号:J51/B6631] | 在馆 |